000 00606nam a2200241Ia 4500
008 160621s9999 xx 000 0 und d
020 _a1-58450-493-5
050 _aComSc TA 174
050 _b.H37 2007 c.2
100 _aHashimoto, Alan.
245 _aVisual design fundamentals :
245 _ba digital approach /
245 _cAlan Hashimoto.
250 _a2nd Edition
260 _aBoston, MA :
260 _bCharles River Media,
260 _c2007
300 _a397 pages :
300 _bcolor illustrations ;
300 _c23 cm.
300 _eCD-ROM
500 _aIncludes index.
999 _c296166
_d296166